000 02782cam a22004454a 4500
001 16831763
003 OSt
005 20150408114236.0
008 110617s2012 flua b 001 0 eng
010 _a 2011020824
016 7 _a015821092
_2Uk
016 7 _a101560784
_2DNLM
020 _a9781439812563 (hardback)
020 _a143981256X (hardback)
035 _a(OCoLC)ocn707965980
040 _aDLC
_cDLC
_dYDX
_dBTCTA
_dYDXCP
_dUKMGB
_dNLM
_dCDX
_dDLC
042 _apcc
050 0 0 _aR857.M3
_bI68 2012
060 0 0 _a2012 A-721
060 1 0 _aQT 37
082 0 0 _a610.28
_223
_bINB
084 _aMED009000
_aTEC021000
_2bisacsh
245 0 3 _aAn introduction to biomaterials /
_cedited by Jeffrey O. Hollinger.
250 _a2nd ed.
260 _aBoca Raton, FL :
_bCRC Press/Taylor & Francis,
_cc2012.
300 _axix, 624 p. :
_bill. (some col.) ;
_c26 cm.
490 1 _aBiomedical engineering series
504 _aIncludes bibliographical references and index.
520 _a"The second edition of this popular text includes seven new chapters that provide a comprehensive and up-to-date educational framework for biomaterials education. A new chapter on the biology of wound healing sets the stage for the basic requirements of standardized biomaterials testing and explains the reactions between biomaterials and the living system into which it is implanted. The book explains <EM>in vitro</EM> and <EM>in vivo</EM> testing paradigms and provides numerous examples in the chapters on experimental design, laboratory assays, and animal models. Emphasizing the importance of the regulatory process, it describes how innovation in the biomaterials process relates to patentability and inventorship"--
520 _a"The Second Edition of the Biomaterials textbook consists of 32 chapters that have been conceived and organized as a practical educational roadmap to provide a fundamental understanding of key families of biomaterials and underscore their potential applications in clinical therapeutics. The 32 chapters are organized in 4 sections: Section 1: Biology, Biomechanics, Biomaterials Interactions Section 2: Biomaterials Testing, Statistics, Regulatory Considerations, Intellectual Property Section 3: Biomaterials Compositions Section 4: Biomaterials Applications"--
650 0 _aBiomedical materials.
_947529
650 1 2 _aBiocompatible Materials.
_947530
650 2 2 _aEquipment Design.
_947531
650 2 2 _aProstheses and Implants.
_947532
700 1 _aHollinger, Jeffrey O.
_947533
830 0 _aBiomedical engineering series (Boca Raton, Fla.)
_947534
906 _a7
_bcbc
_corignew
_d1
_eecip
_f20
_gy-gencatlg
942 _2ddc
_cBOOK
999 _c37071
_d271571